[Event "EU-chT 24th"]
[Site "Budva"]
[Date "2023.11.20"]
[Round "9.3"]
[White "Kaasen, Tor Fredrik"]
[Black "Vykouk, Jan"]
[Result "0-1"]
[WhiteElo "2471"]
[BlackElo "2488"]
[PlyCount "118"]
[EventDate "2023.11.11"]
[EventType "team-swiss"]
[EventRounds "9"]
[EventCountry "MNE"]
[SourceTitle "CB47_2023"]
[SourceDate "2023.11.22"]
[SourceVersion "1"]
[SourceVersionDate "2023.11.22"]
[SourceQuality "1"]
[WhiteTeam "Norway"]
[BlackTeam "Czech Republic"]
[WhiteTeamCountry "NOR"]
[BlackTeamCountry "CZE"]

1. Nf3 Nf6 2. c4 d6 3. g3 g6 4. d4 Bg7 5. Bg2 0-0 6. Nc3 Nc6 7. d5 Na5 8. b3 c5 9. Bb2 a6 10. 0-0 Rb8 11. Nd2 b5 12. Qc1 bxc4 13. bxc4 e5 14. Nd1 Bg4 15. f3 Bd7 16. Bc3 Bh6 17. e3 Nb7 18. Rb1 a5 19. Rb2 Ba4 20. Re1 Nd7 21. Rb1 Nb6 22. f4 Bg7 23. Nf2 Bd7 24. Nd3 f6 25. e4 Qc7 26. Ba1 Rfc8 27. Rf1 Nd8 28. Qd1 Nf7 29. Qe2 exf4 30. gxf4 Re8 31. Rbe1 Re7 32. Qf2 Rbe8 33. Qh4 f5 34. Bxg7 Kxg7 35. e5 dxe5 36. fxe5 Nxe5 37. Qg3 Qd6 38. Nxe5 Rxe5 39. Nf3 f4 40. Qxf4 Rxd5 41. Qc1 Rf5 42. Qc3+ Qf6 43. Qxa5 Nxc4 44. Qa7 Rxe1 45. Rxe1 Qf7 46. Qc7 Be6 47. Qg3 Qf6 48. h4 h6 49. a4 Bf7 50. Kh2 Rf4 51. Re7 Nd2 52. Rxf7+ Kxf7 53. Nxd2 Qxh4+ 54. Qxh4 Rxh4+ 55. Kg3 Rxa4 56. Ne4 c4 57. Kf4 c3 58. Ke3 c2 59. Kd2 Ra1 0-1

[Event "EU-chT 24th"]
[Site "Budva"]
[Date "2023.11.19"]
[Round "8.9"]
[White "Vykouk, Jan"]
[Black "Klabis, Rokas"]
[Result "1/2-1/2"]
[WhiteElo "2488"]
[BlackElo "2412"]
[PlyCount "64"]
[EventDate "2023.11.11"]
[EventType "team-swiss"]
[EventRounds "9"]
[EventCountry "MNE"]
[SourceTitle "CB47_2023"]
[SourceDate "2023.11.22"]
[SourceVersion "1"]
[SourceVersionDate "2023.11.22"]
[SourceQuality "1"]
[WhiteTeam "Czech Republic"]
[BlackTeam "Lithuania"]
[WhiteTeamCountry "CZE"]
[BlackTeamCountry "LTU"]

1. e4 e5 2. Nf3 Nc6 3. Bc4 Bc5 4. d3 Nf6 5. 0-0 d6 6. c3 h6 7. Re1 a5 8. h3 0-0 9. d4 Bb6 10. Be3 exd4 11. cxd4 d5 12. exd5 Ne7 13. Nc3 Nexd5 14. Qd2 Nxe3 15. Rxe3 c6 16. Rd1 Nd5 17. Bxd5 cxd5 18. Ne5 Bc7 19. Rc1 Bb8 20. Qc2 Be6 21. Qb3 Re8 22. Qxb7 Bxe5 23. Rxe5 Rb8 24. Qc6 Qh4 25. Re2 Rec8 26. Qa4 Bxh3 27. Rce1 Bxg2 28. Kxg2 Qg4+ 29. Kh2 Qh4+ 30. Kg2 Qg4+ 31. Kh2 Qf4+ 32. Kg2 Qg4+ 1/2-1/2

[Event "CZE-chT 2324"]
[Site "Czech Republic"]
[Date "2023.10.15"]
[Round "2.1"]
[White "Stalmach, Richard"]
[Black "Vykouk, Jan"]
[Result "0-1"]
[WhiteElo "2422"]
[BlackElo "2483"]
[PlyCount "84"]
[EventDate "2023.10.14"]
[EventType "team-tourn"]
[EventRounds "11"]
[EventCountry "CZE"]
[SourceTitle "Mega2024 Update 01"]
[Source "Chessbase"]
[SourceDate "2023.11.12"]
[SourceVersion "1"]
[SourceVersionDate "2023.11.12"]
[SourceQuality "1"]
[WhiteTeam "Frydek Mistek"]
[BlackTeam "Lysa nad Labem"]
[WhiteTeamCountry "CZE"]
[BlackTeamCountry "CZE"]

1. d4 d6 2. Nf3 Nf6 3. c4 g6 4. Nc3 Bg7 5. e4 0-0 6. Be2 Nbd7 7. 0-0 e5 8. Be3 Qe7 9. Qc2 c6 10. d5 c5 11. Nd2 Kh8 12. Kh1 Ng8 13. g4 Bh6 14. Bxh6 Nxh6 15. Rg1 a6 16. Rg2 Ng8 17. Nd1 Ndf6 18. a3 Bd7 19. b4 b6 20. Ne3 h6 21. Qc3 Rfc8 22. Rag1 Nh7 23. Rg3 cxb4 24. Qxb4 a5 25. Qb2 Rab8 26. Rb1 Ngf6 27. h4 Ne8 28. Ng2 Ng7 29. Rb3 f5 30. gxf5 gxf5 31. Rxb6 Rxb6 32. Qxb6 Nf6 33. Qe3 f4 34. Qa7 Rg8 35. Rb7 Qe8 36. c5 Bh3 37. Bf3 Qg6 38. Rb1 Ne6 39. Rg1 Nd4 40. cxd6 Nxf3 41. Nxf3 Bxg2+ 42. Kh2 Qg4 0-1

[Event "CZE-chT 2324"]
[Site "Czech Republic"]
[Date "2023.10.14"]
[Round "1.2"]
[White "Vykouk, Jan"]
[Black "Bobras, Piotr"]
[Result "1-0"]
[WhiteElo "2483"]
[BlackElo "2441"]
[PlyCount "65"]
[EventDate "2023.10.14"]
[EventType "team-tourn"]
[EventRounds "11"]
[EventCountry "CZE"]
[SourceTitle "Mega2024 Update 01"]
[Source "Chessbase"]
[SourceDate "2023.11.12"]
[SourceVersion "1"]
[SourceVersionDate "2023.11.12"]
[SourceQuality "1"]
[WhiteTeam "Lysa nad Labem"]
[BlackTeam "Poruba Slavoj"]
[WhiteTeamCountry "CZE"]
[BlackTeamCountry "CZE"]

1. e4 c5 2. Nf3 Nc6 3. Nc3 e5 4. Bc4 Be7 5. d3 Nf6 6. Ng5 0-0 7. h4 d6 8. Nd5 h6 9. Nxf6+ Bxf6 10. Qh5 Qe8 11. Qg6 Bxg5 12. hxg5 Be6 13. Bxe6 fxe6 14. Qxe8 Raxe8 15. gxh6 g6 16. Be3 Kh7 17. c3 b5 18. Ke2 b4 19. a3 bxc3 20. bxc3 Rb8 21. Rab1 Na5 22. Kd2 a6 23. f3 c4 24. Rb4 d5 25. Rhb1 Rbc8 26. Rb6 cxd3 27. Kxd3 Nc4 28. Rb7+ Kh8 29. Rd7 dxe4+ 30. Kxe4 Nxe3 31. Kxe3 Rxc3+ 32. Kf2 Rc2+ 33. Kg3 1-0

[Event "Skalica op-A"]
[Site "Skalica"]
[Date "2023.08.23"]
[Round "5"]
[White "Vykouk, Jan"]
[Black "Rakhmangulova, Anastasiya"]
[Result "1-0"]
[WhiteElo "2486"]
[BlackElo "2341"]
[PlyCount "49"]
[EventDate "2023.08.19"]
[EventType "swiss"]
[EventRounds "9"]
[EventCountry "SVK"]
[SourceTitle "CBM 215 Extra"]
[Source "ChessBase"]
[SourceDate "2023.09.30"]
[SourceVersion "1"]
[SourceVersionDate "2023.09.30"]
[SourceQuality "1"]

1. e4 c5 2. Nc3 a6 3. Nge2 d6 4. g3 Nc6 5. Bg2 g6 6. d4 cxd4 7. Nxd4 Bg7 8. Nxc6 bxc6 9. 0-0 Qc7 10. Qd2 h5 11. h3 a5 12. b3 a4 13. Bb2 Qa5 14. Rad1 Be6 15. f4 a3 16. Ba1 Qb6+ 17. Kh1 Nf6 18. f5 gxf5 19. exf5 Bd7 20. Rde1 d5 21. Qg5 0-0-0 22. Rxe7 Ng4 23. Na4 Nf2+ 24. Kh2 Ng4+ 25. Qxg4 1-0

[Event "Pardubice Czech op-A 34th"]
[Site "Pardubice"]
[Date "2023.07.28"]
[Round "8"]
[White "Vykouk, Jan"]
[Black "Sernecki, Franciszek"]
[Result "1-0"]
[WhiteElo "2467"]
[BlackElo "2309"]
[PlyCount "71"]
[EventDate "2023.07.21"]
[EventType "swiss"]
[EventRounds "9"]
[EventCountry "CZE"]
[SourceTitle "CBM 215 Extra"]
[Source "ChessBase"]
[SourceDate "2023.09.30"]
[SourceVersion "1"]
[SourceVersionDate "2023.09.30"]
[SourceQuality "1"]

1. e4 e6 2. d4 d5 3. Nc3 Bb4 4. e5 Ne7 5. a3 Bxc3+ 6. bxc3 c5 7. h4 Qa5 8. Bd2 Nbc6 9. h5 b6 10. h6 gxh6 11. a4 Ba6 12. Bb5 c4 13. Bxc6+ Nxc6 14. Rxh6 0-0-0 15. Qh5 Rd7 16. Rf6 Nd8 17. Nf3 b5 18. Ng5 bxa4 19. Nxf7 Nxf7 20. Rxf7 Bb5 21. Rf6 Re7 22. Qh3 a3 23. Bh6 a2 24. Bf8 Rb7 25. Bb4 Bd7 26. Bxa5 Rb1+ 27. Rxb1 axb1Q+ 28. Kd2 Qb5 29. Bb4 a5 30. Bd6 a4 31. Qh6 Qc6 32. Qg7 Re8 33. Qxh7 Qa6 34. Ba3 Qb7 35. Rf7 Rd8 36. g4 1-0

[Event "Pardubice Czech op-A 34th"]
[Site "Pardubice"]
[Date "2023.07.22"]
[Round "2"]
[White "Vykouk, Jan"]
[Black "Nemec, Vjekoslav"]
[Result "1-0"]
[WhiteElo "2467"]
[BlackElo "2230"]
[PlyCount "121"]
[EventDate "2023.07.21"]
[EventType "swiss"]
[EventRounds "9"]
[EventCountry "CZE"]
[SourceTitle "CBM 215 Extra"]
[Source "ChessBase"]
[SourceDate "2023.09.30"]
[SourceVersion "1"]
[SourceVersionDate "2023.09.30"]
[SourceQuality "1"]

1. e4 Nf6 2. e5 Nd5 3. d4 d6 4. c4 Nb6 5. f4 dxe5 6. fxe5 Bf5 7. Nc3 e6 8. Be3 Bb4 9. Nf3 c5 10. Kf2 Bxc3 11. bxc3 0-0 12. Bd3 Bxd3 13. Qxd3 cxd4 14. cxd4 f6 15. exf6 Qxf6 16. Rhf1 Nc6 17. Kg1 Qf5 18. Qe2 h6 19. Bf2 Rfe8 20. Rae1 Rac8 21. Rb1 Qf7 22. Rfc1 Red8 23. Qe4 Rd7 24. Bg3 Qf5 25. Qxf5 exf5 26. Bf2 Na5 27. Ne5 Rdc7 28. c5 Nd5 29. Rf1 f4 30. g3 Nc6 31. Nc4 Re8 32. gxf4 Nxf4 33. Kh1 Nd5 34. Nd6 Ree7 35. Bh4 Re2 36. Bg3 Ne3 37. Rfe1 Rxe1+ 38. Rxe1 Re7 39. Nc8 Re8 40. Nd6 Re7 41. Nc8 Re8 42. d5 Nb4 43. d6 Rxc8 44. Rxe3 Rxc5 45. d7 Nc6 46. Re8+ Kf7 47. d8Q Nxd8 48. Rxd8 Rc1+ 49. Kg2 Rc2+ 50. Kf3 Rxa2 51. Rd7+ Kf6 52. Rxb7 g5 53. Bf2 a6 54. Rb6+ Kg7 55. Bd4+ Kh7 56. Be5 Ra4 57. Rd6 h5 58. Bd4 Ra2 59. Ke4 Rxh2 60. Kf5 Rc2 61. Rd8 1-0

[Event "Pardubice rapid op 34th"]
[Site "Pardubice"]
[Date "2023.07.20"]
[Round "5"]
[White "Lalith, Babu MR"]
[Black "Vykouk, Jan"]
[Result "1-0"]
[WhiteElo "2537"]
[BlackElo "2467"]
[PlyCount "81"]
[EventDate "2023.07.19"]
[EventType "swiss (rapid)"]
[EventRounds "9"]
[EventCountry "CZE"]
[SourceTitle "CBM 215 Extra"]
[Source "ChessBase"]
[SourceDate "2023.09.30"]
[SourceVersion "1"]
[SourceVersionDate "2023.09.30"]
[SourceQuality "1"]

1. d4 Nf6 2. c4 d6 3. Nf3 g6 4. Nc3 Bg7 5. e4 0-0 6. h3 c6 7. Bd3 a6 8. 0-0 Nfd7 9. a4 a5 10. Re1 e5 11. Bg5 Bf6 12. Be3 Na6 13. Bf1 Qe7 14. Qd2 Re8 15. Rad1 Bg7 16. d5 Bf8 17. g3 Ndc5 18. Bg5 f6 19. Be3 Bd7 20. Nh2 Qg7 21. Bg2 Rad8 22. f4 Nb4 23. Rf1 Nb3 24. Qf2 exf4 25. Qxf4 f5 26. Nf3 c5 27. Ng5 Nc2 28. Ne6 Bxe6 29. dxe6 Rxe6 30. Bf2 Re5 31. exf5 gxf5 32. Nb5 Rde8 33. Nxd6 Bxd6 34. Rxd6 Nbd4 35. Kh2 Ne3 36. Bxe3 Rxe3 37. Bd5+ Kf8 38. Qh4 R8e7 39. Rf2 Re2 40. Rd8+ Re8 41. Rxe2 1-0

[Event "Pardubice rapid op 34th"]
[Site "Pardubice"]
[Date "2023.07.20"]
[Round "9"]
[White "Neuman, Petr"]
[Black "Vykouk, Jan"]
[Result "0-1"]
[WhiteElo "2400"]
[BlackElo "2467"]
[PlyCount "100"]
[EventDate "2023.07.19"]
[EventType "swiss (rapid)"]
[EventRounds "9"]
[EventCountry "CZE"]
[SourceTitle "CBM 215 Extra"]
[Source "ChessBase"]
[SourceDate "2023.09.30"]
[SourceVersion "1"]
[SourceVersionDate "2023.09.30"]
[SourceQuality "1"]

1. e4 c5 2. Nf3 d6 3. d4 cxd4 4. Nxd4 Nf6 5. Nc3 a6 6. Nb3 e6 7. g4 b5 8. Bg2 Bb7 9. g5 Nfd7 10. f4 Qc7 11. Be3 Nc6 12. Qe2 Nb6 13. h4 Nc4 14. 0-0-0 Rc8 15. Kb1 Nxe3 16. Qxe3 Be7 17. h5 b4 18. Ne2 0-0 19. Rc1 a5 20. g6 Bf6 21. gxf7+ Qxf7 22. h6 g6 23. Bh3 Rce8 24. Rcf1 a4 25. Nbd4 Nxd4 26. Nxd4 e5 27. fxe5 Rxe5 28. Bg2 Qc4 29. Qd3 Qxd3 30. cxd3 Ba6 31. Rf3 Ree8 32. Nc6 b3 33. Nb4 Bb5 34. axb3 axb3 35. Bh3 Bg5 36. Rxf8+ Kxf8 37. Bf1 Re7 38. d4 Bxf1 39. Rxf1+ Rf7 40. Rd1 Bxh6 41. e5 dxe5 42. dxe5 Rf2 43. Nd5 Bg7 44. e6 Rxb2+ 45. Kc1 Rc2+ 46. Kb1 Ra2 47. Rf1+ Ke8 48. Nc7+ Kd8 49. Rd1+ Kc8 50. Kc1 Ra1+ 0-1

[Event "Pardubice rapid op 34th"]
[Site "Pardubice"]
[Date "2023.07.20"]
[Round "6"]
[White "Vykouk, Jan"]
[Black "Mica, Marek"]
[Result "1/2-1/2"]
[WhiteElo "2467"]
[BlackElo "2307"]
[PlyCount "145"]
[EventDate "2023.07.19"]
[EventType "swiss (rapid)"]
[EventRounds "9"]
[EventCountry "CZE"]
[SourceTitle "CBM 215 Extra"]
[Source "ChessBase"]
[SourceDate "2023.09.30"]
[SourceVersion "1"]
[SourceVersionDate "2023.09.30"]
[SourceQuality "1"]

1. e4 e6 2. d4 d5 3. Nc3 Bb4 4. e5 c5 5. a3 Bxc3+ 6. bxc3 Nc6 7. Nf3 Qa5 8. Bd2 Qa4 9. Qb1 c4 10. h4 b6 11. h5 h6 12. Nh4 Bd7 13. f4 Nge7 14. g4 0-0-0 15. Bh3 g6 16. Be3 Rdf8 17. Kd2 gxh5 18. gxh5 f5 19. Bf1 Be8 20. Be2 Rfg8 21. Rg1 Bf7 22. Qb2 Kc7 23. Bf2 Nb8 24. Qb4 Qe8 25. a4 a5 26. Qd6+ Kb7 27. Ng6 Nc8 28. Qa3 Bxg6 29. hxg6 h5 30. Rg5 h4 31. Bh5 Nc6 32. Rh1 N6e7 33. Rxh4 Qd8 34. g7 Rh7 35. Bf7 Rgxg7 36. Bxe6 Qh8 37. Rxg7 Qxg7 38. Rxh7 Qxh7 39. Bxc8+ Nxc8 40. Qf8 Qh2 41. Ke2 Qh5+ 42. Kd2 Qh2 43. Qf7+ Kb8 44. Ke2 Qxf4 45. Qxd5 Qg4+ 46. Qf3 Qxf3+ 47. Kxf3 Ne7 48. Kf4 Kc8 49. e6 b5 50. Ke5 bxa4 51. Be3 a3 52. Bc1 a2 53. Bb2 Kd8 54. d5 a4 55. d6 Nc8 56. d7 Ne7 57. Kf4 a3 58. Ba1 Kc7 59. Ke5 Kd8 60. Kd4 f4 61. Kxc4 f3 62. Kd3 Nd5 63. c4 Nf4+ 64. Ke3 Nxe6 65. Kxf3 Kxd7 66. Ke3 Kc6 67. Kd3 Kc5 68. Kc3 Nd4 69. Kd3 Nc6 70. Kc3 Na5 71. Bb2 Nxc4 72. Bxa3+ Nxa3 73. Kb2 1/2-1/2

[Event "Pardubice Czech op-E 34th"]
[Site "Pardubice"]
[Date "2023.07.16"]
[Round "7"]
[White "Vykouk, Jan"]
[Black "Cech, Pavel"]
[Result "1/2-1/2"]
[WhiteElo "2467"]
[BlackElo "2346"]
[PlyCount "28"]
[EventDate "2023.07.13"]
[EventType "team-swiss"]
[EventRounds "7"]
[EventCountry "CZE"]
[SourceTitle "CBM 215 Extra"]
[Source "ChessBase"]
[SourceDate "2023.09.30"]
[SourceVersion "1"]
[SourceVersionDate "2023.09.30"]
[SourceQuality "1"]
[WhiteTeam "Turnov Zikuda"]
[BlackTeam "Turnov Zikuda II"]
[WhiteTeamCountry "CZE"]
[BlackTeamCountry "CZE"]

1. c4 e6 2. Nf3 d5 3. e3 Nf6 4. b3 b6 5. Bb2 Bb7 6. Be2 Be7 7. Qc2 0-0 8. 0-0 c5 9. cxd5 Nxd5 10. Nc3 Bf6 11. Rfd1 Nxc3 12. Bxc3 Nc6 13. Qb2 Bxc3 14. dxc3 Qe7 1/2-1/2

[Event "Pardubice Czech op-E 34th"]
[Site "Pardubice"]
[Date "2023.07.14"]
[Round "3"]
[White "Vykouk, Jan"]
[Black "Kuchar, Matej"]
[Result "1-0"]
[WhiteElo "2467"]
[BlackElo "2048"]
[PlyCount "105"]
[EventDate "2023.07.13"]
[EventType "team-swiss"]
[EventRounds "7"]
[EventCountry "CZE"]
[SourceTitle "CBM 215 Extra"]
[Source "ChessBase"]
[SourceDate "2023.09.30"]
[SourceVersion "1"]
[SourceVersionDate "2023.09.30"]
[SourceQuality "1"]
[WhiteTeam "Turnov Zikuda"]
[BlackTeam "Cesky Tesin Slavoj"]
[WhiteTeamCountry "CZE"]
[BlackTeamCountry "CSR"]

1. e4 c6 2. Nf3 d5 3. Nc3 Bg4 4. h3 Bxf3 5. Qxf3 e6 6. g3 Nf6 7. Bg2 Nbd7 8. Qe2 dxe4 9. Nxe4 Nxe4 10. Qxe4 Nf6 11. Qe2 Be7 12. 0-0 0-0 13. b3 Qa5 14. a3 Rfd8 15. Rd1 Rd7 16. Bb2 Rad8 17. d4 c5 18. dxc5 Qxc5 19. b4 Qc7 20. Rxd7 Qxd7 21. c4 b6 22. Rc1 Rc8 23. Be5 a5 24. Qb2 axb4 25. axb4 Qa4 26. Bb7 Rd8 27. c5 bxc5 28. bxc5 Rd1+ 29. Kg2 Rxc1 30. Qxc1 Ne8 31. Bf3 f6 32. Bf4 g5 33. Be3 Nc7 34. c6 Qa3 35. Qb1 Qb4 36. Qa2 Qa3 37. Qd2 Qd6 38. Qa5 Kg7 39. Bb6 Bd8 40. Qa7 Kg6 41. Bc5 Qd2 42. Qb7 h5 43. Qb1+ Kg7 44. Bb4 Qd4 45. Bxh5 f5 46. Qe1 Kh6 47. Bf3 Kg6 48. Bc3 Qd6 49. Be5 Qe7 50. Qd2 Ne8 51. Qd4 Nf6 52. Bxf6 Qxf6 53. Qd7 1-0

[Event "Ceske Budejovice GM-A"]
[Site "Ceske Budejovice"]
[Date "2023.07.05"]
[Round "5"]
[White "Vykouk, Jan"]
[Black "Kraus, Tomas"]
[Result "1/2-1/2"]
[WhiteElo "2467"]
[BlackElo "2484"]
[PlyCount "45"]
[EventDate "2023.07.01"]
[EventType "tourn"]
[EventRounds "9"]
[EventCountry "CZE"]
[EventCategory "9"]
[SourceTitle "CBM 215 Extra"]
[Source "ChessBase"]
[SourceDate "2023.09.30"]
[SourceVersion "1"]
[SourceVersionDate "2023.09.30"]
[SourceQuality "1"]

1. e4 c5 2. Nf3 Nc6 3. d4 cxd4 4. Nxd4 Nf6 5. Nc3 e5 6. Ndb5 d6 7. Nd5 Nxd5 8. exd5 Nb8 9. a4 Be7 10. Be3 Nd7 11. Qg4 0-0 12. Qc4 a6 13. Nc7 Rb8 14. Ba7 b5 15. axb5 Rb7 16. b6 Nxb6 17. Bxb6 Rxb6 18. b3 a5 19. Nb5 Rb8 20. Na7 Rb4 21. Qxc8 Qxc8 22. Nxc8 Rxc8 23. Bc4 1/2-1/2

[Event "Ceske Budejovice GM-A"]
[Site "Ceske Budejovice"]
[Date "2023.07.02"]
[Round "2"]
[White "Colbow, Collin"]
[Black "Vykouk, Jan"]
[Result "1/2-1/2"]
[WhiteElo "2429"]
[BlackElo "2467"]
[PlyCount "128"]
[EventDate "2023.07.01"]
[EventType "tourn"]
[EventRounds "9"]
[EventCountry "CZE"]
[EventCategory "9"]
[SourceTitle "CBM 215 Extra"]
[Source "ChessBase"]
[SourceDate "2023.09.30"]
[SourceVersion "1"]
[SourceVersionDate "2023.09.30"]
[SourceQuality "1"]

1. e4 c5 2. Nf3 d6 3. d4 cxd4 4. Nxd4 Nf6 5. Nc3 a6 6. h3 e6 7. g4 h6 8. Bg2 Be7 9. Be3 Qc7 10. h4 h5 11. g5 Ng4 12. Qe2 Nxe3 13. Qxe3 Nc6 14. 0-0-0 Bd7 15. Rhe1 Nxd4 16. Qxd4 0-0 17. e5 d5 18. Bxd5 Bc5 19. Qf4 Rfc8 20. Bf3 g6 21. Rd2 Bc6 22. Bxc6 Qxc6 23. Red1 Be7 24. Ne4 Rc7 25. c3 b5 26. Nf6+ Kg7 27. Rd7 Rxd7 28. Rxd7 Rd8 29. Rxd8 Bxd8 30. Qe4 Qb6 31. Qa8 b4 32. cxb4 a5 33. bxa5 Qc5+ 34. Kb1 Qd4 35. Qc8 Qd3+ 36. Qc2 Qf1+ 37. Qc1 Qd3+ 38. Qc2 Qf1+ 39. Qc1 Qd3+ 40. Ka1 Bxa5 41. a3 Qd8 42. Qc6 Bb6 43. Ne8+ Kg8 44. Nd6 Bd4 45. Qf3 Qc7 46. Qf4 Bb6 47. Ka2 Bc5 48. a4 Qa7 49. Qc4 Bxf2 50. Qc8+ Kh7 51. Qe8 Kg7 52. Ne4 Qd4 53. Nxf2 Qc4+ 54. Kb1 Qf1+ 55. Ka2 Qc4+ 56. Ka3 Qc5+ 57. Kb3 Qe3+ 58. Ka2 Qxf2 59. Qc6 Qxh4 60. a5 Qb4 61. a6 h4 62. Qb7 Qa4+ 63. Kb1 Qd1+ 64. Ka2 Qa4+ 1/2-1/2

[Event "Prague Challengers 5th"]
[Site "Prague"]
[Date "2023.06.28"]
[Round "7"]
[White "Vykouk, Jan"]
[Black "Bartel, Mateusz"]
[Result "1/2-1/2"]
[WhiteElo "2467"]
[BlackElo "2609"]
[PlyCount "63"]
[EventDate "2023.06.20"]
[EventType "tourn"]
[EventRounds "9"]
[EventCountry "CZE"]
[EventCategory "12"]
[SourceTitle "CBM 215 Extra"]
[Source "ChessBase"]
[SourceDate "2023.09.30"]
[SourceVersion "1"]
[SourceVersionDate "2023.09.30"]
[SourceQuality "1"]

1. e4 e6 2. d4 d5 3. e5 c5 4. c3 Nc6 5. Nf3 Bd7 6. Be2 Nge7 7. 0-0 Ng6 8. Na3 cxd4 9. cxd4 f6 10. Bd3 Be7 11. exf6 gxf6 12. Nh4 f5 13. Nf3 h5 14. Re1 Kf7 15. Nc2 a5 16. Be3 h4 17. a3 Kg7 18. Qd2 Qc7 19. Bg5 Bxg5 20. Qxg5 Qf4 21. Qxf4 Nxf4 22. Bf1 Kf6 23. g3 Rag8 24. b4 a4 25. Ne5 Ke7 26. Rac1 Nh5 27. Kg2 f4 28. g4 h3+ 29. Kh1 Nxe5 30. dxe5 Rxg4 31. f3 Rg5 32. Nd4 1/2-1/2

[Event "Mitropa Cup"]
[Site "Mali Losinj"]
[Date "2023.04.18"]
[Round "8.10"]
[White "Kozak, Adam"]
[Black "Vykouk, Jan"]
[Result "0-1"]
[WhiteElo "2568"]
[BlackElo "2462"]
[PlyCount "86"]
[EventDate "2023.04.11"]
[EventType "team-tourn"]
[EventRounds "9"]
[EventCountry "CRO"]
[SourceTitle "CBM 213 Extra"]
[Source "ChessBase"]
[SourceDate "2023.05.31"]
[SourceVersion "1"]
[SourceVersionDate "2023.05.31"]
[SourceQuality "1"]
[WhiteTeam "Hungary"]
[BlackTeam "Czech Republic"]
[WhiteTeamCountry "HUN"]
[BlackTeamCountry "CZE"]

1. c4 Nf6 2. Nf3 g6 3. Nc3 Bg7 4. d4 0-0 5. e4 d6 6. Be2 Nbd7 7. 0-0 e5 8. Be3 Qe7 9. Qc2 c6 10. d5 c5 11. Ne1 Kh8 12. g3 Ng8 13. Qd2 f5 14. exf5 gxf5 15. Ng2 Ndf6 16. f3 Bd7 17. Rae1 a6 18. a4 Qe8 19. a5 b5 20. axb6 Qb8 21. Ra1 a5 22. Na4 Ne7 23. Ra3 Ng6 24. Bd1 e4 25. Bh6 Bxh6 26. Qxh6 Bxa4 27. Bxa4 Qxb6 28. Rb3 Qa6 29. Bc6 Qxc4 30. Rb7 Rg8 31. Ne3 Qe2 32. fxe4 f4 33. Nf5 f3 34. Ne3 Rab8 35. Rf7 Rbf8 36. Rb7 Ne5 37. Bb5 f2+ 38. Kg2 Qf3+ 39. Kh3 Neg4 40. Qf4 Qxf4 41. gxf4 Nxe3 42. Rxf2 Nxe4 43. Re2 Rxf4 0-1

[Event "CZE-chT1W 2223"]
[Site "Czech Republic"]
[Date "2022.12.11"]
[Round "5.6"]
[White "Hollan, Martin"]
[Black "Vykouk, Jan"]
[Result "1/2-1/2"]
[WhiteElo "2350"]
[BlackElo "2475"]
[PlyCount "77"]
[EventDate "2022.10.09"]
[EventType "team-tourn"]
[EventRounds "11"]
[EventCountry "CZE"]
[SourceTitle "CBM 213 Extra"]
[Source "ChessBase"]
[SourceDate "2023.05.31"]
[SourceVersion "1"]
[SourceVersionDate "2023.05.31"]
[SourceQuality "1"]
[WhiteTeam "Praha Oaza II"]
[BlackTeam "Neratovice"]
[WhiteTeamCountry "CZE"]
[BlackTeamCountry "CZE"]

1. e4 c5 2. Nf3 Nc6 3. Bb5 e6 4. 0-0 Nge7 5. Nc3 a6 6. Bxc6 Nxc6 7. d4 cxd4 8. Nxd4 Qc7 9. Re1 Bd6 10. g3 Nxd4 11. Qxd4 0-0 12. Be3 b5 13. Rad1 Be5 14. Qc5 Qb8 15. Qe7 Bf6 16. Qc5 Re8 17. Bf4 Qb7 18. Bg5 Bxg5 19. Qxg5 b4 20. Nb1 Qc6 21. Qd2 a5 22. c3 f5 23. cxb4 fxe4 24. bxa5 Rf8 25. Qc3 Qb5 26. Nd2 Rxa5 27. Nxe4 Rxa2 28. Nd6 Qb6 29. Qd4 Qxd4 30. Rxd4 Ba6 31. Ne4 d5 32. Nc5 Bc4 33. Rd2 Rb8 34. Nxe6 Raxb2 35. Rxb2 Rxb2 36. Nd4 Kf7 37. Kg2 Bd3 38. Kf3 Be4+ 39. Ke3 1/2-1/2

[Event "Titled Tuesday intern op 06th Dec Late"]
[Site "Chess.com INT"]
[Date "2022.12.06"]
[Round "5"]
[White "Ezat, Mohamed Mahmoud"]
[Black "Vykouk, Jan"]
[Result "1-0"]
[WhiteElo "2395"]
[BlackElo "2482"]
[PlyCount "55"]
[EventDate "2022.12.06"]
[EventType "swiss (blitz)"]
[EventRounds "11"]
[EventCountry "USA"]
[SourceTitle "CBM 211 Extra"]
[Source "ChessBase"]
[SourceDate "2023.01.31"]
[SourceVersion "1"]
[SourceVersionDate "2023.01.31"]
[SourceQuality "1"]

1. d4 Nf6 2. c4 g6 3. Nc3 Bg7 4. e4 d6 5. Be2 0-0 6. Bg5 c5 7. d5 e6 8. Qd2 exd5 9. exd5 Re8 10. Nf3 Bg4 11. 0-0 Bxf3 12. Bxf3 Nbd7 13. h3 a6 14. a4 Qa5 15. Qc2 Qb4 16. a5 b5 17. axb6 Nxb6 18. Be2 Nxc4 19. Bxc4 Qxc4 20. Ra4 Qxf1+ 21. Kxf1 Nd7 22. Bf4 Ne5 23. Ne4 Red8 24. Bg5 Rdb8 25. Nf6+ Kh8 26. f4 h6 27. Bh4 g5 28. Qh7# 1-0

[Event "Titled Tuesday intern op 06th Dec Late"]
[Site "Chess.com INT"]
[Date "2022.12.06"]
[Round "4"]
[White "Karas, Marek"]
[Black "Vykouk, Jan"]
[Result "0-1"]
[WhiteElo "2240"]
[BlackElo "2482"]
[PlyCount "66"]
[EventDate "2022.12.06"]
[EventType "swiss (blitz)"]
[EventRounds "11"]
[EventCountry "USA"]
[SourceTitle "CBM 211 Extra"]
[Source "ChessBase"]
[SourceDate "2023.01.31"]
[SourceVersion "1"]
[SourceVersionDate "2023.01.31"]
[SourceQuality "1"]

1. d4 Nf6 2. Nf3 g6 3. c4 Bg7 4. Nc3 d6 5. e4 0-0 6. Be2 Nbd7 7. 0-0 e5 8. Re1 Qe7 9. Bf1 c6 10. b3 Ne8 11. Bb2 Nc7 12. Qd2 Ne6 13. d5 Nd4 14. Be2 c5 15. Bd1 a6 16. a3 f5 17. exf5 gxf5 18. b4 e4 19. Ng5 Ne5 20. Ne6 Nxc4 21. Qc1 Nxb2 22. Qxb2 Nxe6 23. dxe6 Bxe6 24. Bb3 c4 25. Ba2 b5 26. Rad1 d5 27. Qc1 d4 28. Ne2 d3 29. Nc3 Qf6 30. Nb1 Rac8 31. Qf4 Bf7 32. Rc1 c3 33. Bxf7+ Rxf7 0-1

[Event "BL2-Ost 2223"]
[Site "Germany"]
[Date "2022.11.27"]
[Round "4.2"]
[White "Belezky, Alexander"]
[Black "Vykouk, Jan"]
[Result "1/2-1/2"]
[WhiteElo "2346"]
[BlackElo "2475"]
[PlyCount "53"]
[EventDate "2022.10.22"]
[EventType "team-tourn"]
[EventRounds "10"]
[EventCountry "GER"]
[SourceTitle "EXT 2024"]
[Source "ChessBase"]
[SourceDate "2023.10.10"]
[SourceVersion "1"]
[SourceVersionDate "2023.10.10"]
[SourceQuality "1"]
[WhiteTeam "Bayern Muenchen II"]
[BlackTeam "Garching"]
[WhiteTeamCountry "GER"]
[BlackTeamCountry "GER"]

1. Nf3 Nf6 2. g3 g6 3. b3 Bg7 4. Bb2 0-0 5. Bg2 d6 6. d4 Nbd7 7. 0-0 c6 8. Nbd2 e5 9. dxe5 Ng4 10. Qc1 Ngxe5 11. c4 Re8 12. Rd1 Nxf3+ 13. Nxf3 Rxe2 14. Bxg7 Kxg7 15. Rxd6 Qe7 16. Rd2 Rxd2 17. Qxd2 Nc5 18. Re1 Be6 19. b4 Na6 20. Ng5 Nc7 21. Qf4 h6 22. Qe5+ Kg8 23. Ne4 Qxb4 24. Nf6+ Kf8 25. Nh7+ Kg8 26. Nf6+ Kf8 27. Nh7+ 1/2-1/2